Podněty pro teorii řízení
Teória riadenia by sa mala zaoberať pojmom "podnik" z hľadiska jeho funkcie v trhovom hospodárstve. Mala by ovplyvniť budúcu legislatívu. Aplikácia diferencovaných metód riadenia podľa potrieb jednotlivých subjektov (právnických a fyzických osôb).
Gespeichert in:
| 1. Verfasser: | |
|---|---|
| Format: | Buchkapitel |
| Sprache: | Tschechisch |
| Schlagworte: | |
| Tags: |
Keine Tags, Fügen Sie das erste Tag hinzu!
|
MARC
| LEADER | 00000naa a2200000 4500 | ||
|---|---|---|---|
| 001 | r024838 | ||
| 005 | 20221208131035.1 | ||
| 041 | 0 | |a cze | |
| 044 | |a CZ | ||
| 245 | 1 | 0 | |a Podněty pro teorii řízení |c J. Schulz |
| 520 | |a Teória riadenia by sa mala zaoberať pojmom "podnik" z hľadiska jeho funkcie v trhovom hospodárstve. Mala by ovplyvniť budúcu legislatívu. Aplikácia diferencovaných metód riadenia podľa potrieb jednotlivých subjektov (právnických a fyzických osôb). | ||
| 610 | 2 | 0 | |a teória riadenia |
| 610 | 2 | 0 | |a riadenie |
| 610 | 2 | 0 | |a podnik |
| 610 | 2 | 0 | |a legislatíva |
| 610 | 2 | 0 | |a osoby fyzické |
| 610 | 2 | 0 | |a osoby právnické |
| 610 | 2 | 0 | |a predpisy právne |
| 100 | 1 | |a Schulz, J. | |